LEADER 01224nam a2200277 i 4500 001 000000148497 003 CaOOAMICUS 005 20060307000000.0 008 060307s1996 it u000 u ita u 013 $a125813 020 $a88-7910-643-0 040 $aSeMil$bita 100 1 $aDossetti, Giuseppe,$d<1913-1996>.$0(OLS)http://semarc/name/2981 245 13$aLa Costituzione :$bLe radici, I valori, Le riforme /$cGiuseppe Dossetti. 260 $aRoma :$bEdizioni Lavoro,$c1996. 300 $aXIV, 118 p. ;$c21 cm. 490 0 $aClassici e contemporanei ;$v15 500 $aIn Appendice : Costituzione della Repubblica italiana (aggiornata al 31 ottobre 1994). 650 4$aItalia . Costituzione della Repubblica italiana.$0(OLS)http://semarc/subject/116 830 0$aClassici e contemporanei ;$v15.$0(OLS)http://semarc/title/10792 850 $aSeMil 852 $aSeMil$W1$xVenegono$y1$m3N II 550$j100876$B100876$CSeMilBibl$Z2$F110522 $81 961 $aOmaggio: Altro 996 $6020$a88-7910-643-0$9(OLS)http://semarc/number/137402 996 $6245$aLa Costituzione :$bLe radici, I valori, Le riforme$9(OLS)http://semarc/title/217070 996 $6260$aRoma :$bEdizioni Lavoro$9(OLS)http://semarc/publisher/31304 LEADER 01546nam a2200217 i 4500 001 000000014585 003 CaOOAMICUS 005 20220204121305.0 008 180830s18281829it u000 u ita u 040 $aSeMil$bita 100 1 $aSacchi, Defendente,$d<1796-1840>.$0(OLS)http://semarc/name/11807 245 10$aAntichitą romantiche d'Italia epoca. Parte 1. [-2.]. 260 $aMilano :$bPresso Ant. Fort. Stella e figli,$c1828-1829$f(colle stampe di Gio. Pirotta) 300 $a2 v. ;$c8°. 700 1 $aSacchi, Giuseppe,$d<1804-1891>.$0(OLS)http://semarc/name/89944 700 1 $aStella, Antonio Fortunato & Figli,$c.$0(OLS)http://semarc/name/2846 774 0 $aSacchi, Defendente <1796-1840>$tDella condizione economica, morale e politica degli italiani nei bassi tempi. Saggio primo intorno all'architettura simbolica, civile e militare, usata in Italia nei secoli 6., 7. e 8. ... Opera di Defendente Sacchi e Giuseppe Sacchi ..$dMilano : Presso Ant. Fort. Stella e figli, 1828.$g1$w()80294 774 0 $aSacchi, Defendente <1796-1840>$tDella condizione economica, morale e politica degli Italiani ne' tempi municipali. Sulle feste, e sull'origine, stato e decadenza de' municipii italiani nel Medio evo. Saggi due di Defendente Sacchi.$dMilano : Presso Ant. Fort. Stella e figli, 1829.$g2$w()255760 996 $6245$aAntichitą romantiche d'Italia epoca. Parte 1. [-2.]$9(OLS)http://semarc/title/401548 996 $6260$aMilano :$bPresso Ant. Fort. Stella e figli$9(OLS)http://semarc/publisher/52671